000 00364nam a2200133Ia 4500
008 230920s9999||||xx |||||||||||||| ||und||
020 _a9780444637574
100 _aFath, Brian
245 2 _aA New Ecology
260 _c2019
_bElsevier
650 _aEnvironmental Science 2019
856 _uhttps://www.sciencedirect.com/science/book/9780444637574
942 _cEB
999 _c315882
_d315882